000 00416nam a22001697a 4500
003 NUST - PNEC
005 20170116181118.0
008 151004b xxu||||| |||| 00| 0 eng d
020 _a-
040 _cLIBRARY
082 _a891.4391 SAA
100 _913357
_aSahir Ludhianvi
245 _aKulyat e sahir
_cSahir Ludhianvi
260 _cc.031247
650 _913362
_aUrdu literature
_xGeneral
942 _2ddc
_cBK
999 _c69467
_d69467